01088nam a2200229Ia 4500001000700000003000500007008004100012010001100053040000900064082001400073111009400087245011100181260006300292300001100355500019900366503004000565650002700605650003200632650002300664710008700687711008400774Z_1615CHAP220113s1990 xx 000 0 und d a164702 cCHAP a633.2 C66 aCongreso Nacional sobre Manejo de Pastizales (6: agosto de 1990: Monterrey, Nuevo León) aResúmenes del Congreso nacional sobre manejo de pastizales /cSociedad Mexicana de Manejo de Pastizales aMéxico :bUniversidad Autónoma de Nuevo León,c1990 a101 p. aPERDIDO (el original lo perdio el Dr. Améndola y lo sustituyo por: X Congreso Nacional Sociedad Méxicana de Manejo de Pastizales (24 - 26 agosto de 1994: Monterrey, Nuevo León)/ Memorias). aej.1: fotocopias \ ej.2. fotocopias aPastizalesxEcología aPastizalesxInvestigación aPastizalesxManejo aSociedad Mexicana de Manejo de Pastizales \ Universidad Autónoma de Nuevo León aCongreso Nacional sobre Manejo de Pastizales (6: 1990: Monterrey, Nuevo León)